Tous les rappeurs dans l'album BDLM- Tiakola - Statistiques

Statistiques générales
  • Ce quiz a été pris 218 fois
  • Le résultat moyen est 15 sur 23
Statistiques - réponses
Hint Réponse % Correct
pona nini Genezio
91%
Hamza
91%
plaisir nocif SDM
91%
G.A.N.G Niska
89%
1h55 Rsko
85%
Prototype
82%
protect Merveille
81%
La Mano 19
78%
reste-là RnBoi
77%
Liim's
75%
Y.J (c'est KO) Ronisia
75%
Monsieur Nov
72%
no limit KLN
71%
cabrel Saaro
61%
fast life & famille HK
58%
Jolagreen23
56%
manon b Ryflo
56%
dernière danse Zed
53%
Oskoow
50%
Cheu-B
47%
grand prix JEY BROWNIE
44%
Sonny Rave
32%
MC Cebezinho
23%
Aucun quiz correspondant
Distribution des résultats
% des personnes avec chaque résultat
Percentile par nombre de réponses
Votre historique - résultats
Vous n’avez pas pris ce quiz